| 000 | 00418nam a2200145Ia 4500 | ||
|---|---|---|---|
| 008 | 220217s9999||||xx |||||||||||||| ||und|| | ||
| 020 | _a199465878 | ||
| 082 | _a005.14 CHA | ||
| 100 |
_aChauhan, Naresh _910060 |
||
| 245 | 0 | _aSoftware testing: principles and practice | |
| 250 | _a2 | ||
| 260 |
_aOxford university press _bNew delhi _c2017 |
||
| 300 |
_aXXIV, 534p. _b610 |
||
| 650 |
_aSoftware engineering _91072 |
||
| 999 |
_c188051 _d188051 |
||